00773nam a2200229 a 450000500170000000800410001702000180005810000190007624500540009526000570014930000080020650000380021452000980025265000270035065000310037765000300040865000270043870000170046570000180048270000180050070000250051820140310182410.0130711s19uu xx 00 eng d a9781405844185 aStraker, Anita aExploring maths 5 :bclass book /cAnita Straker. aGreat Britain, Scotprint :bPearson Longman,cc2008. a385 aIncludes index and bibliographies aits about the powers and roots, functions and graph, equations and formula, 2D and 3D shapes, aFractionsxmathematics aProbabilitiesxmathematics aMeasurementsxmathematics aEquationsxmathematics aFisher, Tony aHyde, Rosalyn aJennings, Sue aLongstaffe, Jonathan